| 000 | 01005nas a2200301 4500 | ||
|---|---|---|---|
| 001 | BR8601589 | ||
| 003 | BR-BrBNA | ||
| 005 | 20231205090418.0 | ||
| 007 | ta | ||
| 008 | 230509b bl.|||p| |||| 00| 00por d | ||
| 040 |
_aBR-BrBNA _bpor _cBiblioteca Nacional de Agricultura |
||
| 041 | _a(Pt) | ||
| 072 | _aL02 | ||
| 100 | 1 | _aCunha, P.G. da | |
| 100 | 1 | _aBoin, C. | |
| 100 | 1 | _aSilva, D.J. da | |
| 100 | 1 | _aFigueiredo, L.A. de | |
| 100 | 1 | _aPeres, R.M. | |
| 245 | 1 | _aSuplementacao proteica no periodo seco, para vacas primiparas de corte na regiao de Sao Jose do Rio Preto [Sao Paulo] | |
| 246 | 1 | _aProtein supplementation, during dry season, on young cows fertility in Sao Jose do Rio Preto | |
| 650 | _aGADO DE CORTE | ||
| 650 | _aSUPLEMENTO PROTEICO | ||
| 650 | _aSAO JOSE DO RIO PRETO | ||
| 650 | _aSAO PAULO | ||
| 773 | 0 |
_tBoletim de Industria Animal (Brazil) _xISSN 0067-9615 _g(1984), v. 41 p. 47-56 _wBR8601589 |
|
| 909 |
_a202311 _bLúcia _c55 _dLúcia Elande |
||
| 942 |
_2AGRIS _n0 _cANA |
||
| 999 |
_c118247 _d118247 |
||